000 00575nam a2200229Ia 4500
003 OSt
005 20220924153521.0
006 a|||||r|||| 00| 0
007 ta
008 220923b |||||||| |||| 00| 0 guj d
024 _a350486
037 _cTextual
040 _aARTS
_cARTS
_bguj
041 _2guj
_aguj
082 _aV2:51M69w, 156J8.2
100 _aMakanji Au.
_9229017
245 0 _aGandhijina Pavan Parsango
260 _c1958
650 _aHISTORY
942 _hV2:51M69w, 156J8.2
_cTEXL
_2CC
999 _c473843
_d473843